00229nam a2200085Ia 4500008004100000100002200041245005200063260001900115300000900134191201s2019 xx 000 0 und d aBEER, Ferding & P 0aVector mechanics for engineers statics/dynamics bTMHaNEW DELHI a1395